000 00769nam a2200253Ia 4500
003 OSt
005 20220918215219.0
006 a|||||r|||| 00| 0
007 ta
008 220917b |||||||| |||| 00| 0 eng d
024 _a140,529
037 _cTextual
040 _aARTS
_cARTS
_beng
041 _2eng
_aeng
082 _aY:1.Nz7, M0
100 _aRobertson Roland ed
_9133602
245 0 _aIndentity and Authority
_bexploration in the of society edited by Roland Robertson and Burkart Holzner
260 _aOxford
_bBasil Blackwell
_c1980
300 _a318p.
_ccm.
650 _aSOCIOLOGY
700 _a Holzner Burkart ed
_9133603
942 _hY:1.Nz7, M0
_cTEXL
_2CC
999 _c263505
_d263505